000 00385nam a22001457a 4500
005 20150914143238.0
008 150914b xxu||||| |||| 00| 0 eng d
040 _cPK-LaUMT
082 _aKHC 958.00491593
_bSAI-V
100 _aSaid Khan , Muhammad
245 _aThe voice of the pukhtoons
_cMuhammad Said Khan
260 _aLahore
_bFerozsons
_c[N.D]
300 _a307 p.
942 _cBK
999 _c75744
_d75744